第一产业占比>20%的地级市 Top 35 Prefectures by primary industry proportion(2022) - Statistics

General Stats
  • This quiz has been taken 74 times
  • The average score is 19 of 35
Answer Stats
城市 一产比重/% % Correct
佳木斯 45.7
92%
牡丹江 25.0
92%
齐齐哈尔 31.3
90%
黑河 42.4
87%
双鸭山 37.1
87%
绥化 47.5
85%
白城 29.2
85%
鹤岗 25.5
83%
松原 29.2
82%
通辽 25.6
82%
鸡西 34.3
80%
四平 33.9
78%
呼伦贝尔 25.3
78%
伊春 37.5
75%
铁岭 24.3
73%
赤峰 21.0
73%
朝阳 24.4
67%
阜新 22.2
67%
丹东 20.8
48%
巴彦淖尔 27.1
43%
定西 20.2
35%
平凉 23.7
32%
承德 23.6
30%
武威 32.4
28%
张掖 29.3
27%
毕节 25.0
27%
巴中 25.1
25%
普洱 24.5
23%
保山 23.3
23%
河池 22.9
23%
临沧 30.7
22%
铜仁 22.5
18%
来宾 21.8
12%
资阳 20.5
5%
桂林 25.5
3%
No matching quizzes found
Score Distribution
Percent of People with Each Score
Percentile by Number Answered
Your Score History
You have not taken this quiz